000 00537nam a2200205 a 4500
001 7070
003 CO-ViMGA
008 141112s2004 ck r 000 u spa d
020 _a9589061613
040 _aCO-ViMGA
_bspa
_cCO-ViMGA
082 0 4 _a333.8232 P377
100 1 _aPerry, Guillermo
_96151
245 1 0 _aPolítica petrolera :
_beconomía y medio ambiente
260 _aBogotá :
_bCerec,
_c1992
300 _a169 p
490 _aTextos, 20
650 1 4 _aMEDIO AMBIENTE
650 1 4 _aPolítica PETROLERA
_96152
942 _2ddc
_cBK
999 _c19035
_d19035